UBT Library

Zoti Cogito (Record no. 60985)

000 -LEADER
fixed length control field 00269nam a22001217a 4500
008 - FIXED-LENGTH DATA ELEMENTS--GENERAL INFORMATION
fixed length control field 260420b ||||| |||| 00| 0 eng d
041 ## - LANGUAGE CODE
Language code of text/sound track or separate title Shqip
080 ## - UNIVERSAL DECIMAL CLASSIFICATION NUMBER
Universal Decimal Classification number 00.1
100 ## - Rafti
Rafti 40
101 ## - Shkurtesa
Shkurtesa Gjuhe shqipe
245 ## - TITLE STATEMENT
Title Zoti Cogito
Statement of responsibility, etc Zbignjev Herbert
942 ## - ADDED ENTRY ELEMENTS (KOHA)
Source of classification or shelving scheme
Item type Books
Holdings
Withdrawn status Lost status Source of classification or shelving scheme Damaged status Not for loan Collection code Permanent location Current location Date acquired Total Checkouts Barcode Date last seen Price effective from Koha item type
          Koleksioni i përgjithshem UBT - Lipjan UBT - Lipjan 04/20/2026   003-80007099997 04/20/2026 04/20/2026 Books
          Koleksioni i përgjithshem UBT - Lipjan UBT - Lipjan 04/20/2026   003-80007099998 04/20/2026 04/20/2026 Books
          Koleksioni i përgjithshem UBT - Lipjan UBT - Lipjan 04/20/2026   003-80007099999 04/20/2026 04/20/2026 Books
UBT Library © 2015-2024. All rights reserved University Education for Business and Technology